Loading...
| Beliefs | 3 | 13.33 | 1,200% | 200% | 400% |
| Fine Arts - Auditory | 2 | 20.00 | 1,800% | 300% | 600% |
| Fine Arts - Other Arts | 1 | 10.00 | 0% | 600% | 0% |
| Fine Arts - Visual | 2 | 20.00 | 1,800% | 600% | 300% |
| History - American | 1 | 10.00 | 0% | 0% | 600% |
| History - European | 1 | 20.00 | 3,600% | 0% | 600% |
| History - World | 1 | 20.00 | 3,600% | 0% | 600% |
| Literature - American | 2 | 20.00 | 1,800% | 600% | 300% |
| Literature - British | 2 | 5.00 | 1,800% | 0% | 0% |
| Literature - European | 1 | 10.00 | 0% | 0% | 600% |
| Literature - World | 1 | 20.00 | 0% | 600% | 600% |
| Other Academic | 1 | 30.00 | 3,600% | 600% | 600% |
| Other Science: Computer Science | 1 | 10.00 | 0% | 600% | 0% |
| Philosophy | 1 | 10.00 | 0% | 0% | 600% |
| Science - Chemistry | 2 | 5.00 | 0% | 300% | 0% |
| Science - Physics | 2 | 15.00 | 3,600% | 300% | 0% |
| Social Science | 1 | 30.00 | 3,600% | 600% | 600% |
| 1 | 10.00 | 0% | 0% | 600% |